000 00893cam a2200265 i 4500
001 25164
003 Mx-PuUPA
005 20260423121740.0
008 140415s2002 mx a gr 001 0bspa d
020 _a9706931449
040 _aMx-PuUPA
_bspa
_cMx-PuUPA
_dMx-PuUPA
_erda
041 0 _aspa
100 1 _aMora Romero, Ana Luisa,
_917996
_eautor
245 1 0 _aPastor y padre :
_bvida del padre Antonio Repiso, S.J. /
_cAna Luisa Mora Romero
250 _aPrimera edición /
_bagosto
264 1 _aMéxico, D.F. :
_bObra Nacional de la Buena Prensa,
_c2002
300 _a128 páginas :
_bilustraciones (blanco y negro) ;
_c21 cm
336 _2rdacontent
_atexto
_btxt
337 _2rdamedia
_asin medio
_bn
338 _2rdacarrier
_avolumen
_bnc
600 1 4 _aRepiso, Antonio
_vBiografía
942 _2ddc
_cLI
_h270.092
_iM82
999 _c25164
_d25164